| 000 | 00718nam a2200169 a 4500 | ||
|---|---|---|---|
| 001 | 000048484 | ||
| 005 | 20201002061204.0 | ||
| 008 | 190322s2013 dr a r 000 0 spa d | ||
| 040 |
_aDO-SdBNP _bspa _cBNPHU |
||
| 082 |
_a001.42 _bN939i |
||
| 111 | 2 |
_aCongreso internacional interdisciplinario de investigaciones científica _n(9no. : _d13-14 de junio 2013 _cSanto Domingo) _975904 |
|
| 245 | 1 | 0 |
_aIX congreso internacional interdisciplinario de investigación científica : _bprograma y libro de resúmenes. |
| 246 | 1 | 0 | _anoveno congreso internacional interdisciplinario de investigaciones científica. |
| 260 |
_aSanto Domingo : _bMESCyT, _c2013. |
||
| 300 |
_a163 p. : _bil. ; _c28 cm. |
||
| 590 | _a_Inventariado, 2019/BT | ||
| 999 |
_c47972 _d47972 |
||